Top Grossing Movies of the 1990s - Statistics

General Stats
  • This quiz has been taken 151 times
  • The average score is 4 of 11
Answer Stats
Hint Answer % Correct
1. (1997) Titanic
97%
4. (1994) tie Forrest Gump
60%
3. (1993) Jurassic Park
57%
5. (1994) tie The Lion King
40%
6. (1996) Independence Day
36%
2. (1999) Star Wars: Episode I - The Phantom Menace
26%
9. (1997) Men in Black
22%
8. (1990) Home Alone
20%
7. (1999) The Sixth Sense
19%
10. (1999) Toy Story 2
19%
11. (1996) Twister
13%
No matching quizzes found
Score Distribution
Percent of People with Each Score
Percentile by Number Answered
Your Score History
You have not taken this quiz